[Event "Julius Baer Rapid Div 3 W"]
[Site "chess.com INT"]
[Date "2023.08.30"]
[Round "1.2"]
[White "Andreikin, Dmitry"]
[Black "Makarian, Rudik"]
[Result "0-1"]
[WhiteTitle "GM"]
[BlackTitle "IM"]
[WhiteElo "2729"]
[BlackElo "2548"]
[WhiteFideId "4158814"]
[BlackFideId "44105681"]
[EventDate "2023.08.30"]
[EventType "k.o."]

1. c4 e6 2. Nc3 d5 3. e3 Nf6 4. Nf3 dxc4 5. Bxc4 a6 6. a4 c5 7. b3 Nc6 8. Bb2
Be7 9. Qb1 b6 10. O-O Bb7 11. Ng5 Na5 12. Rd1 h6 13. Nxe6 fxe6 14. Bxe6 Qd6 15.
Qg6+ Kd8 16. Bh3 Ne8 17. Qc2 Nf6 18. d4 c4 19. e4 cxb3 20. Qe2 Qf4 21. g3 Qg5
22. e5 Nd5 23. Nxd5 Bxd5 24. Bg2 Bxg2 25. Kxg2 Qf5 26. Rac1 h5 27. d5 Bc5 28. e6
h4 29. g4 h3+ 30. Kf1 Qf4 31. Be5 Qxa4 32. d6 Qc6 33. f3 Re8 34. Rxc5 bxc5 35.
Bg3 Qb5 36. Bh4+ Kc8 37. d7+ Kc7 38. dxe8=Q Rxe8 39. Rd7+ Kc6 40. Rd3 b2 41.
Qe4+ Kb6 42. Kf2 b1=Q 43. Rd6+ Ka7 44. Rd7+ Nb7 0-1

[Event "Julius Baer Rapid Div 3 W"]
[Site "chess.com INT"]
[Date "2023.08.30"]
[Round "1.2"]
[White "Aradhya, Garg"]
[Black "Hakobyan, Aram"]
[Result "1-0"]
[WhiteTitle "FM"]
[BlackTitle "GM"]
[WhiteElo "2344"]
[BlackElo "2617"]
[WhiteFideId "25006746"]
[BlackFideId "13306677"]
[EventDate "2023.08.30"]
[EventType "k.o."]

1. d4 Nf6 2. Nf3 d5 3. c4 e6 4. Nc3 Nbd7 5. cxd5 exd5 6. Bg5 Bb4 7. e3 h6 8. Bh4
g5 9. Bg3 Ne4 10. Nd2 Nxg3 11. hxg3 Nb6 12. Bd3 Be6 13. Qc2 c6 14. O-O-O Qf6 15.
f4 O-O-O 16. Kb1 Kb8 17. Rdf1 Qe7 18. Nf3 f6 19. a3 Bd6 20. Nd2 c5 21. dxc5 Bxc5
22. Re1 Rc8 23. Nb3 a6 24. Nxc5 Rxc5 25. Rc1 Nc4 26. Bxc4 Rxc4 27. Ka1 Rhc8 28.
Qd2 Qd6 29. Ne2 Bf5 30. Rxc4 Rxc4 31. Nd4 Be4 32. Rxh6 Qc7 33. Rh1 g4 34. Ka2
Ka7 35. Rd1 Qb6 36. b3 Rc8 37. Rh1 Qc7 38. Kb2 Qb6 39. Rh4 Kb8 40. Rxg4 a5 41.
a4 Qa6 42. Nb5 f5 43. Rg5 Qf6+ 44. Nc3 Qc6 45. g4 fxg4 46. Nxe4 dxe4 47. Rxa5
Qf6+ 48. Re5 Qa6 49. Rxe4 Qf1 50. Re5 Qa6 51. Ka3 g3 52. Rb5 Qf6 53. Qd4 Qe7+
54. Kb2 Rc7 55. Rd5 Rc8 56. Qe5+ Qxe5+ 57. Rxe5 Rd8 58. Kc3 Rc8+ 59. Kd3 Rd8+
60. Ke4 Rd2 61. Kf3 1-0

[Event "Julius Baer Rapid Div 3 W"]
[Site "chess.com INT"]
[Date "2023.08.30"]
[Round "1.2"]
[White "Kamsky, Gata"]
[Black "Theodorou, Nikolas"]
[Result "1/2-1/2"]
[WhiteTitle "GM"]
[BlackTitle "GM"]
[WhiteElo "2641"]
[BlackElo "2604"]
[WhiteFideId "2000024"]
[BlackFideId "4262875"]
[EventDate "2023.08.30"]
[EventType "k.o."]

1. e4 e5 2. Nf3 Nc6 3. Bb5 a6 4. Ba4 d6 5. c3 f5 6. exf5 Bxf5 7. O-O Bd3 8. Re1
Be7 9. Bc2 Bxc2 10. Qxc2 Nf6 11. d4 e4 12. Nfd2 d5 13. f3 exf3 14. Nxf3 O-O 15.
Bg5 Ne4 16. Bxe7 Nxe7 17. Nbd2 Nxd2 18. Qxd2 Ng6 19. Ne5 Nf4 20. Rf1 Qg5 21. Kh1
Ne6 22. Qxg5 Nxg5 23. g3 Ne4 24. Kg2 a5 25. a4 g6 26. Rxf8+ Rxf8 27. Rf1 Rxf1
28. Kxf1 Kf8 29. Ke2 Ke7 30. Ke3 Ke6 31. g4 Nd6 32. b3 Ne4 33. c4 c6 34. Nd3 b6
35. cxd5+ cxd5 36. Ne5 g5 1/2-1/2

[Event "Julius Baer Rapid Div 3 W"]
[Site "chess.com INT"]
[Date "2023.08.30"]
[Round "1.2"]
[White "Giri, Anish"]
[Black "Kuzubov, Yuriy"]
[Result "1-0"]
[WhiteTitle "GM"]
[BlackTitle "GM"]
[WhiteElo "2760"]
[BlackElo "2625"]
[WhiteFideId "24116068"]
[BlackFideId "14112906"]
[EventDate "2023.08.30"]
[EventType "k.o."]

1. d4 Nf6 2. Nf3 e6 3. c4 d5 4. g3 dxc4 5. Bg2 Bd7 6. Ne5 Nc6 7. Nxc4 Bb4+ 8.
Nc3 Nd5 9. Bd2 Nb6 10. Nxb6 axb6 11. e3 O-O 12. O-O e5 13. d5 Ne7 14. Qb3 Bd6
15. a4 f5 16. Nb5 Bxb5 17. Qxb5 Kh8 18. Bc3 Ng6 19. f4 Qe7 20. Kh1 h6 21. b4 Kh7
22. a5 bxa5 23. bxa5 Ra7 24. Rab1 e4 25. Bh3 Qf7 26. Rbd1 Ne7 27. g4 fxg4 28.
Bxg4 Nf5 29. Qc4 Qe7 30. Rde1 Raa8 31. Rg1 g6 32. Rg2 b5 33. Qxb5 Rab8 34. Qe2
Nh4 35. Rg3 Rb3 36. Bd4 Rfb8 37. a6 Ra3 38. Reg1 Bc5 39. Bxc5 Qxc5 40. Rh3 g5
41. fxg5 hxg5 42. Rxh4+ 1-0

[Event "Julius Baer Rapid Div 3 W"]
[Site "chess.com INT"]
[Date "2023.08.30"]
[Round "1.2"]
[White "Bok, Benjamin"]
[Black "Kovalenko, Igor"]
[Result "0-1"]
[WhiteTitle "GM"]
[BlackTitle "GM"]
[WhiteElo "2621"]
[BlackElo "2674"]
[WhiteFideId "1017063"]
[BlackFideId "14117908"]
[EventDate "2023.08.30"]
[EventType "k.o."]

1. d4 Nf6 2. c4 e6 3. Nc3 Bb4 4. Qc2 d6 5. e3 Nbd7 6. Bd3 e5 7. Ne2 c6 8. O-O
O-O 9. a3 Ba5 10. b4 Bc7 11. d5 cxd5 12. cxd5 a6 13. Ng3 Re8 14. Bd2 Nf8 15.
Rac1 Bd7 16. Bf5 Rc8 17. Bxd7 N8xd7 18. Qd3 Bb8 19. Rc2 Qe7 20. Rfc1 Rcd8 21.
Nf5 Qf8 22. e4 Kh8 23. Ne2 Ng8 24. Neg3 g6 25. Ne3 h5 26. Nc4 Ndf6 27. Na5 Rd7
28. b5 axb5 29. Qxb5 h4 30. Ne2 Ba7 31. Bg5 Bc5 32. a4 b6 33. Nb3 Ra7 34. Nc3 h3
35. gxh3 Rea8 36. a5 Nh7 37. Bd2 Rb8 38. Qd3 f5 39. Kh1 Bxf2 40. Rf1 bxa5 41.
Rxf2 Rxb3 42. exf5 Rf7 43. Ra2 Rxf5 44. Rxf5 gxf5 45. Rxa5 Qc8 46. Ra7 Nhf6 47.
Qg3 Rb7 48. Rxb7 Qxb7 49. Qg6 Qa6 50. Kg1 Qa7+ 51. Kf1 Qa1+ 52. Ke2 Qa6+ 53. Ke1
Qa1+ 54. Ke2 f4 55. Ne4 Nxe4 56. Qxe4 Qg1 57. Qf5 Qxh2+ 58. Kd3 Qg3+ 59. Kc4 Qg2
60. Bb4 Qa2+ 61. Kc3 Qxd5 62. Qg6 Qf3+ 63. Kc4 d5+ 64. Kb5 Qxh3 65. Bd6 Qd7+ 66.
Kc5 Qa7+ 67. Kc6 Ne7+ 68. Bxe7 Qa6+ 0-1

[Event "Julius Baer Rapid Div 3 W"]
[Site "chess.com INT"]
[Date "2023.08.30"]
[Round "1.2"]
[White "Bacrot, Etienne"]
[Black "Meier, Georg"]
[Result "1-0"]
[WhiteTitle "GM"]
[BlackTitle "GM"]
[WhiteElo "2660"]
[BlackElo "2628"]
[WhiteFideId "605506"]
[BlackFideId "4675789"]
[EventDate "2023.08.30"]
[EventType "k.o."]

1. e4 e6 2. d4 d5 3. Nc3 dxe4 4. Nxe4 Nd7 5. Nf3 Ngf6 6. Nxf6+ Nxf6 7. c3 c5 8.
Ne5 a6 9. Qa4+ Nd7 10. Be3 cxd4 11. Bxd4 Qc7 12. Nf3 Qb8 13. Bb6 Bd6 14. Bd3 O-O
15. Be3 Nc5 16. Bxh7+ Kxh7 17. Qh4+ Kg8 18. Ng5 Rd8 19. O-O-O Bd7 20. Qh7+ Kf8
21. Qh8+ Ke7 22. Qxg7 Be8 23. Nh7 Ne4 24. f3 Ba4 25. fxe4 Bxd1 26. Rxd1 Kd7 27.
Qxf7+ Kc6 28. Qxe6 Qc8 29. Qc4+ Kd7 30. Qf7+ Kc6 31. Qc4+ Kd7 32. Rxd6+ Kxd6 33.
Qd5+ Kc7 34. Qc5+ Kd7 35. Nf6+ Ke6 36. Qf5+ Kd6 37. Qd5+ Ke7 38. Qe5+ Qe6 39.
Nd5+ Kf7 40. Qf4+ Kg8 41. Qg5+ Kf7 42. Qf4+ Kg8 43. Qg3+ Kf7 44. Bd4 Qxe4 45.
Qg7+ Ke6 46. Qe7+ Kxd5 47. Qxb7+ 1-0

[Event "Julius Baer Rapid Div 3 W"]
[Site "chess.com INT"]
[Date "2023.08.30"]
[Round "1.2"]
[White "Maghsoodloo, Parham"]
[Black "Flores, Diego"]
[Result "1/2-1/2"]
[WhiteTitle "GM"]
[BlackTitle "GM"]
[WhiteElo "2707"]
[BlackElo "2534"]
[WhiteFideId "12539929"]
[BlackFideId "108049"]
[EventDate "2023.08.30"]
[EventType "k.o."]

1. d4 Nf6 2. c4 e6 3. Nc3 d5 4. cxd5 exd5 5. Bg5 c6 6. e3 h6 7. Bh4 Be7 8. Bd3
O-O 9. Nge2 Re8 10. O-O Nbd7 11. a4 Ne4 12. Bxe7 Qxe7 13. a5 Ndf6 14. Qc2 a6 15.
h3 Bf5 16. Nd1 Bh7 17. Nf4 Rac8 18. Re1 c5 19. dxc5 Rxc5 20. Qa4 Rec8 21. Qd4
Ng5 22. Bxh7+ Ngxh7 23. Nc3 Rd8 24. b4 Rcc8 25. Rad1 Kf8 26. Ncxd5 Nxd5 27. Nxd5
Qe6 28. Nf4 Qe7 29. Qb6 Nf6 30. Rxd8+ Rxd8 31. Rc1 Kg8 32. Rc7 Rd1+ 33. Kh2 Rd7
34. Rxd7 Qxd7 35. f3 Qe7 36. Qd4 Qc7 37. h4 Nh5 38. g4 Nxf4 39. exf4 Qc2+ 40.
Kg3 Qb1 41. h5 Qe1+ 42. Kg2 Qe2+ 43. Qf2 Qc4 44. Qd2 Qc6 45. g5 Qc7 46. Kh3 Qc8+
47. Kh4 Qf5 48. Kg3 Kh7 49. Qe3 g6 50. hxg6+ Kxg6 51. gxh6 Kxh6 52. Qe5 Qb1 53.
Qh8+ Kg6 54. Qg8+ Kh6 55. Qxf7 Qg1+ 56. Kh4 Qh2+ 57. Kg4 Qg2+ 58. Kf5 Qc2+ 59.
Kf6 Qc3+ 60. Ke6 Qc4+ 61. Ke7 Qc7+ 62. Ke8 Qc8+ 63. Ke7 Qc7+ 64. Ke8 Qc8+ 65.
Ke7 Qc7+ 1/2-1/2

[Event "Julius Baer Rapid Div 3 W"]
[Site "chess.com INT"]
[Date "2023.08.30"]
[Round "1.3"]
[White "Sevian, Samuel"]
[Black "Sargsyan, Shant"]
[Result "1-0"]
[WhiteTitle "GM"]
[BlackTitle "GM"]
[WhiteElo "2698"]
[BlackElo "2631"]
[WhiteFideId "2040506"]
[BlackFideId "13306766"]
[EventDate "2023.08.30"]
[EventType "k.o."]

1. e4 e5 2. Nf3 Nc6 3. Bc4 Nf6 4. d3 Bc5 5. O-O h6 6. c3 d6 7. Re1 a5 8. Nbd2
O-O 9. Nf1 a4 10. Ng3 Ra5 11. d4 Bb6 12. h3 exd4 13. cxd4 Nxe4 14. Nxe4 d5 15.
Bd2 Ra8 16. Bxh6 dxc4 17. Bg5 f6 18. Qc2 fxg5 19. Nexg5 Bf5 20. Qxc4+ Kh8 21.
Nf7+ Rxf7 22. Qxf7 Qd7 23. Qh5+ Kg8 24. Rad1 Rf8 25. Qh4 Qd8 26. d5 Qxh4 27.
Nxh4 Nd4 28. Nxf5 Rxf5 29. Re4 Rxd5 30. Kf1 Rd6 31. Re8+ Kh7 32. Ra8 Rf6 33.
Rxa4 Ne6 34. Rd2 Nc5 35. Rc4 Rf7 36. g3 Nd7 37. Kg2 Nf6 38. b4 Re7 39. a4 c6 40.
a5 Ba7 41. Rb2 Ne8 42. a6 Nd6 43. Rc1 bxa6 44. Rxc6 Nf5 45. Rxa6 Bd4 46. Rc2 Bf6
47. Ra5 Nd4 48. Rca2 Rb7 49. R5a4 Nb5 50. Rc2 Nc3 51. Ra3 Nd5 52. Rb3 Rxb4 53.
Rxb4 Nxb4 54. Rc4 Nd5 55. Ra4 g5 56. Ra7+ Kg6 57. Kf3 Ne7 58. Ra6 Nf5 59. Ke4
Ng7 60. Ra7 Nf5 61. Ra6 Ng7 62. g4 Kf7 63. Ra7+ Kg6 64. Ra6 Kf7 65. Kd5 Ne8 66.
Ra7+ Kg6 67. Ra2 Nc7+ 68. Ke4 Ne6 69. Kf3 Nd4+ 70. Kg2 Ne6 71. Ra6 Nf4+ 72. Kg3
Kf7 73. h4 Ng6 74. h5 Nf4 75. Kf3 Nd5 76. Ke4 Ne7 77. Ra7 Ke6 78. Ra6+ Kf7 79.
Ra2 Ke6 80. f4 gxf4 81. Ra6+ Kf7 82. Kxf4 Nd5+ 83. Ke4 Ne7 84. Ra7 Ke6 85. Ra2
Nc8 86. Ra6+ Nd6+ 87. Kf4 Ke7 88. g5 Bc3 89. Kg4 Ke6 90. h6 Kd5 91. Kh5 Nf7 92.
Ra2 Ne5 93. Ra8 Kd4 94. Rd8+ Ke4 95. Re8 Kf4 96. h7 Kg3 97. h8=Q Ng4 98. Qf8 1-0

[Event "Julius Baer Rapid Div 3 W"]
[Site "chess.com INT"]
[Date "2023.08.30"]
[Round "1.3"]
[White "Le, Tuan Minh"]
[Black "Bluebaum, Matthias"]
[Result "1-0"]
[WhiteTitle "GM"]
[BlackTitle "GM"]
[WhiteElo "2559"]
[BlackElo "2670"]
[WhiteFideId "12401153"]
[BlackFideId "24651516"]
[EventDate "2023.08.30"]
[EventType "k.o."]

1. d4 d5 2. c4 e6 3. Nc3 Nf6 4. Nf3 c5 5. e3 cxd4 6. exd4 Bb4 7. cxd5 Nxd5 8.
Bd2 Bd7 9. Bd3 Bc6 10. O-O O-O 11. Ne5 Nf6 12. Bg5 Be7 13. Re1 Nbd7 14. Nxc6
bxc6 15. Rc1 Rb8 16. b3 Nb6 17. g3 h6 18. Bf4 Bd6 19. Be5 Nbd5 20. Na4 Rc8 21.
Qf3 Qe7 22. h4 Rfd8 23. Nc5 Rc7 24. Bb1 Nd7 25. Qd3 Nf8 26. Qa6 Bxe5 27. dxe5
Nb6 28. Qe2 Rd5 29. Nd3 c5 30. Nf4 Rd4 31. Be4 c4 32. Qe3 Qd8 33. a4 a5 34. Ne2
Rxe4 35. Qxe4 cxb3 36. Rb1 Rc4 37. Qf3 Nxa4 38. Rxb3 Nc5 39. Rc3 Rxc3 40. Qxc3
Nfd7 41. Qd4 Qb8 42. Nc3 Qb4 43. Rd1 Qxd4 44. Rxd4 Nxe5 45. Rd8+ Kh7 46. Ra8 a4
47. Ra5 Ned7 48. h5 g6 49. hxg6+ Kxg6 50. Kf1 h5 51. Ke2 Nb7 52. Rxa4 Nf6 53.
Kf1 Nd6 54. Ne2 Nf5 55. Kg2 e5 56. Ra5 Nd7 57. Kh3 f6 58. Nc3 Nf8 59. Ra6 Nh7
60. Nd5 Nd4 61. Kg2 Nf5 62. f3 Nd4 63. f4 exf4 64. Nxf4+ Kg5 65. Ra5+ f5 66. Ra6
Nf6 67. Rd6 Nb5 68. Rd8 Nc7 69. Kf3 Nb5 70. Rb8 Nd4+ 71. Kg2 Nc6 72. Rb7 Ne5 73.
Ne6+ Kg6 74. Nf8+ Kh6 75. Rb5 Nfg4 76. Rb6+ Kg7 77. Ne6+ Kf7 78. Nf4 Ne3+ 79.
Kh3 N3g4 80. Nxh5 Ng6 81. Rb7+ Ke6 82. Nf4+ Nxf4+ 83. gxf4 Kd5 84. Re7 Kd4 85.
Kh4 Nf6 86. Kg5 Ne4+ 87. Kxf5 Nd6+ 88. Kg4 Ne4 89. Rxe4+ Kxe4 90. f5 Ke5 91. Kg5
Kd6 92. f6 Kd5 93. f7 Ke5 94. f8=Q Ke4 95. Qf4+ Kd3 96. Kf5 Kc2 97. Ke4 Kb1 98.
Kd3 Kb2 99. Qd2+ Ka1 100. Kc3 Kb1 101. Qb2# 1-0

[Event "Julius Baer Rapid Div 3 W"]
[Site "chess.com INT"]
[Date "2023.08.30"]
[Round "1.3"]
[White "Ter-Sahakyan, Samvel"]
[Black "Pichot, Alan"]
[Result "1-0"]
[WhiteTitle "GM"]
[BlackTitle "GM"]
[WhiteElo "2614"]
[BlackElo "2648"]
[WhiteFideId "13302531"]
[BlackFideId "110973"]
[EventDate "2023.08.30"]
[EventType "k.o."]

1. d4 Nf6 2. c4 e6 3. Bg5 h6 4. Bh4 d5 5. Nf3 dxc4 6. Qa4+ Nbd7 7. e3 a6 8. Bxc4
Rb8 9. Qc2 b5 10. Be2 Bb7 11. O-O c5 12. a4 Qb6 13. axb5 axb5 14. Nc3 c4 15. b3
cxb3 16. Qxb3 b4 17. Na4 Qd8 18. Ne5 Bd6 19. Nc4 Bc7 20. f3 g5 21. Bf2 Rg8 22.
e4 g4 23. Bh4 gxf3 24. Bxf3 e5 25. d5 Qe7 26. Kh1 Kf8 27. Rfc1 Bd8 28. Ne3 Qe8
29. Nf5 Rg6 30. Qxb4+ Kg8 31. Qd2 Qf8 32. Rab1 Ba6 33. Rxb8 Nxb8 34. Nc5 Bc8 35.
Nd3 Bxf5 36. exf5 Rg7 37. Nxe5 Qd6 38. Nc4 Qd7 39. Qd4 Nc6 40. Qc5 Nb8 41. Qd6
Qxd6 42. Nxd6 1-0

[Event "Julius Baer Rapid Div 3 W"]
[Site "chess.com INT"]
[Date "2023.08.30"]
[Round "1.3"]
[White "Kovalenko, Igor"]
[Black "Bok, Benjamin"]
[Result "0-1"]
[WhiteTitle "GM"]
[BlackTitle "GM"]
[WhiteElo "2674"]
[BlackElo "2621"]
[WhiteFideId "14117908"]
[BlackFideId "1017063"]
[EventDate "2023.08.30"]
[EventType "k.o."]

1. e4 e5 2. Nf3 Nc6 3. Bb5 Nf6 4. d3 Bc5 5. Bxc6 dxc6 6. Nc3 Qe7 7. h3 Nd7 8.
Qe2 Nf8 9. Be3 Bb4 10. Bd2 Ne6 11. O-O O-O 12. Kh1 Bd6 13. Be3 Bd7 14. Rae1 c5
15. Qd1 b5 16. Ne2 Rae8 17. Ng3 Nd4 18. Nd2 Rd8 19. c3 Ne6 20. Nf5 Qf6 21. Qf3
Kh8 22. Qg3 Bc8 23. Nb3 Qg6 24. Qh4 Rfe8 25. Na5 f6 26. Nc6 Rd7 27. Nxa7 Ba6 28.
Nc6 Bf8 29. Rd1 b4 30. c4 Ra8 31. Na5 Rad8 32. Nb3 Bxc4 33. Nc1 Bxd3 34. Nxd3
Rxd3 35. Rc1 Ra8 36. Ra1 c4 37. Rfc1 c3 38. bxc3 bxc3 39. Rc2 Nd4 40. Bxd4 exd4
41. Qf4 Bd6 42. e5 fxe5 43. Qe4 Rf8 44. Qxd3 Qxf5 45. Rd1 Qxd3 46. Rxd3 c5 47.
Rcxc3 dxc3 48. Rxc3 Kg8 0-1

[Event "Julius Baer Rapid Div 3 W"]
[Site "chess.com INT"]
[Date "2023.08.30"]
[Round "1.3"]
[White "Flores, Diego"]
[Black "Maghsoodloo, Parham"]
[Result "1-0"]
[WhiteTitle "GM"]
[BlackTitle "GM"]
[WhiteElo "2534"]
[BlackElo "2707"]
[WhiteFideId "108049"]
[BlackFideId "12539929"]
[EventDate "2023.08.30"]
[EventType "k.o."]

1. c4 e6 2. Nf3 d5 3. g3 Nf6 4. Bg2 Be7 5. O-O O-O 6. b3 b6 7. Bb2 Bb7 8. e3
Nbd7 9. Nc3 c5 10. Qe2 Rc8 11. d3 Qc7 12. e4 d4 13. Nd1 Ne8 14. Bc1 e5 15. Ne1
Nd6 16. f4 f5 17. fxe5 Nxe5 18. Bf4 Bf6 19. exf5 Rce8 20. Bxb7 Qxb7 21. Qh5 Re7
22. Nf2 g6 23. fxg6 hxg6 24. Qd1 Bg7 25. Ng4 Nf5 26. Ng2 Nf7 27. Qf3 Qxf3 28.
Rxf3 Rfe8 29. Raf1 a5 30. h4 a4 31. bxa4 Ra8 32. Rb1 Rxa4 33. Rxb6 Rxa2 34. Rxg6
Kh7 35. h5 Ree2 36. Rf2 Rxf2 37. Nxf2 Ra1+ 38. Kh2 Ra2 39. Ng4 Ne3 40. Bxe3 dxe3
41. Nxe3 Ne5 42. Rd6 Bh6 43. Nf5 Bf8 44. Rd8 Nf3+ 45. Kh3 Ng5+ 46. Kg4 Ne6 47.
Rd7+ Kg8 48. Ngh4 Bg7 49. h6 Bf6 50. Ng6 Nf8 51. h7+ Nxh7 52. Nh6# 1-0

[Event "Julius Baer Rapid Div 3 W"]
[Site "chess.com INT"]
[Date "2023.08.30"]
[Round "2.1"]
[White "Bacrot, Etienne"]
[Black "Vokhidov, Shamsiddin"]
[Result "1-0"]
[WhiteTitle "GM"]
[BlackTitle "GM"]
[WhiteElo "2660"]
[BlackElo "2578"]
[WhiteFideId "605506"]
[BlackFideId "14204223"]
[EventDate "2023.08.30"]
[EventType "k.o."]

1. e4 c5 2. Nf3 e6 3. c3 Nf6 4. e5 Nd5 5. a3 d6 6. d4 cxd4 7. c4 Ne7 8. exd6
Qxd6 9. Nc3 a6 10. Ne4 Qc7 11. Qxd4 Nf5 12. Qc3 Nc6 13. g4 Nd6 14. Nxd6+ Qxd6
15. Be3 e5 16. h3 Be7 17. Bd3 Be6 18. Be4 Rc8 19. Rd1 Qc7 20. Bd5 O-O 21. O-O
Bf6 22. Bxe6 fxe6 23. Qd3 Qf7 24. Qe4 h6 25. Kg2 Rfd8 26. Bb6 Rxd1 27. Rxd1 Nd4
28. Nxe5 Bxe5 29. Bxd4 Bxd4 30. Rxd4 Rf8 31. Rd2 Kh8 32. b4 Qe7 33. c5 Rf6 34.
Rd6 Qf8 35. Qd4 e5 36. Rxf6 Qxf6 37. Qe4 Qe7 38. f4 Qd7 39. fxe5 Qd2+ 40. Kg1
Qd1+ 41. Kf2 Qd2+ 42. Qe2 Qd4+ 43. Qe3 Qb2+ 44. Kg3 1-0

[Event "Julius Baer Rapid Div 3 W"]
[Site "chess.com INT"]
[Date "2023.08.30"]
[Round "2.1"]
[White "Mamedyarov, Shakhriyar"]
[Black "Santos Latasa, Jaime"]
[Result "1-0"]
[WhiteTitle "GM"]
[BlackTitle "GM"]
[WhiteElo "2734"]
[BlackElo "2647"]
[WhiteFideId "13401319"]
[BlackFideId "2293307"]
[EventDate "2023.08.30"]
[EventType "k.o."]

1. d4 Nf6 2. c4 e6 3. Nc3 d5 4. cxd5 exd5 5. Bg5 c6 6. e3 h6 7. Bh4 Bf5 8. f3
Be7 9. Bd3 Bxd3 10. Qxd3 O-O 11. Nge2 Nbd7 12. O-O Re8 13. Rad1 Rc8 14. e4 Qb6
15. Kh1 Nxe4 16. Bxe7 Nxc3 17. Bc5 Nxd1 18. Bxb6 Ne3 19. Re1 axb6 20. Kg1 Nc4
21. b3 Nd6 22. Kf2 b5 23. Qd2 Nf8 24. g4 Re6 25. Ng3 Ra8 26. h4 Rxe1 27. Kxe1
Ne6 28. Kf1 b6 29. f4 Nf8 30. f5 Nd7 31. Qf4 Ne8 32. Qe3 Kf8 33. g5 hxg5 34.
hxg5 Nd6 35. Qf4 Ne8 36. f6 gxf6 37. Nf5 fxg5 38. Qh2 f6 39. Qh7 1-0

[Event "Julius Baer Rapid Div 3 W"]
[Site "chess.com INT"]
[Date "2023.08.30"]
[Round "2.1"]
[White "Aradhya, Garg"]
[Black "Salinas Herrera, Pablo"]
[Result "0-1"]
[WhiteTitle "FM"]
[BlackTitle "GM"]
[WhiteElo "2344"]
[BlackElo "2460"]
[WhiteFideId "25006746"]
[BlackFideId "3407128"]
[EventDate "2023.08.30"]
[EventType "k.o."]

1. d4 d5 2. c4 e6 3. Nf3 Nf6 4. g3 Bb4+ 5. Bd2 Be7 6. Bg2 O-O 7. O-O c6 8. Qb3
Nbd7 9. Rc1 a5 10. a4 h6 11. Nc3 Qb6 12. Qxb6 Nxb6 13. Ne5 Nfd7 14. Nxd7 Bxd7
15. c5 Nc4 16. Be1 Nxb2 17. Rcb1 Nc4 18. Rxb7 Rfd8 19. e4 Kf8 20. Bf1 Be8 21. e5
f6 22. f4 Ne3 23. Bh3 Nc2 24. Rd1 Rdb8 25. Rxb8 Rxb8 26. Bxe6 Nxe1 27. Rxe1 Rb4
28. Rd1 Rc4 29. Rc1 fxe5 30. fxe5 Bg5 31. Bxd5 cxd5 32. Rf1+ Kg8 33. Ne2 Be3+
34. Kg2 Bxd4 35. Nf4 Bxe5 36. Ne6 Bf6 37. Rb1 Bxa4 38. Rb7 d4 39. Kf2 Rc2+ 40.
Ke1 d3 41. Rb8+ Kf7 42. Nd8+ Kg6 43. Ne6 Re2+ 44. Kf1 Rxe6 0-1

[Event "Julius Baer Rapid Div 3 W"]
[Site "chess.com INT"]
[Date "2023.08.30"]
[Round "2.1"]
[White "Ter-Sahakyan, Samvel"]
[Black "Sevian, Samuel"]
[Result "0-1"]
[WhiteTitle "GM"]
[BlackTitle "GM"]
[WhiteElo "2614"]
[BlackElo "2698"]
[WhiteFideId "13302531"]
[BlackFideId "2040506"]
[EventDate "2023.08.30"]
[EventType "k.o."]

1. d4 Nf6 2. c4 e6 3. Bf4 Bb4+ 4. Nd2 Nh5 5. Be3 b6 6. a3 Be7 7. g3 Bb7 8. Ngf3
f5 9. Bg2 O-O 10. d5 exd5 11. cxd5 Bxd5 12. O-O c6 13. Nb1 Bf6 14. Nc3 Bxc3 15.
bxc3 Qe8 16. Qc2 Na6 17. c4 Be4 18. Qc3 f4 19. Bc1 Nc5 20. a4 h6 21. a5 fxg3 22.
hxg3 Rb8 23. Bb2 Nf6 24. axb6 axb6 25. Rfd1 Qh5 26. Ra7 Rbe8 27. Rda1 Kh7 28.
Ba3 Rf7 29. Bb2 Ng4 30. Ra8 Ree7 31. Rb8 Rxf3 32. exf3 Qh2+ 0-1

[Event "Julius Baer Rapid Div 3 W"]
[Site "chess.com INT"]
[Date "2023.08.30"]
[Round "2.1"]
[White "Makarian, Rudik"]
[Black "Bok, Benjamin"]
[Result "0-1"]
[WhiteTitle "IM"]
[BlackTitle "GM"]
[WhiteElo "2548"]
[BlackElo "2621"]
[WhiteFideId "44105681"]
[BlackFideId "1017063"]
[EventDate "2023.08.30"]
[EventType "k.o."]

1. d4 Nf6 2. c4 e6 3. Nf3 b6 4. g3 Ba6 5. b3 Bb4+ 6. Bd2 Be7 7. Nc3 d5 8. cxd5
exd5 9. Bg2 O-O 10. Ne5 Bb7 11. O-O Re8 12. Bf4 Nbd7 13. Rc1 Nf8 14. h4 Ne6 15.
e3 c6 16. Qd3 Rc8 17. Rfd1 Bf8 18. Qb1 h6 19. Bh3 a5 20. Qd3 c5 21. dxc5 Rxc5
22. Na4 Rxc1 23. Rxc1 g5 24. hxg5 hxg5 25. Nxf7 Kxf7 26. Bxe6+ Rxe6 27. Bxg5 d4
28. Bxf6 Qxf6 29. Qh7+ Bg7 30. Rc7+ Re7 31. Qh5+ Kf8 32. Rxe7 Kxe7 33. exd4 Qxd4
34. Qe2+ Kd6 35. Kh2 b5 36. Qxb5 Qxf2+ 37. Kh3 Bc8+ 38. g4 Qf3+ 39. Kh2 Be5+ 40.
Kg1 Bd4+ 41. Kh2 Bb7 0-1

[Event "Julius Baer Rapid Div 3 W"]
[Site "chess.com INT"]
[Date "2023.08.30"]
[Round "2.1"]
[White "Giri, Anish"]
[Black "Lupulescu, Constantin"]
[Result "1-0"]
[WhiteTitle "GM"]
[BlackTitle "GM"]
[WhiteElo "2760"]
[BlackElo "2581"]
[WhiteFideId "24116068"]
[BlackFideId "1207822"]
[EventDate "2023.08.30"]
[EventType "k.o."]

1. c4 e6 2. g3 d5 3. Bg2 d4 4. Nf3 Nc6 5. O-O Bc5 6. d3 Nf6 7. Nbd2 Be7 8. Nb3
O-O 9. e3 dxe3 10. Bxe3 Ng4 11. Bc5 Bxc5 12. Nxc5 b6 13. Ne4 Bb7 14. d4 Rb8 15.
Re1 Nf6 16. Nc3 Ne7 17. Ne5 Bxg2 18. Kxg2 c6 19. b3 Qc7 20. Qe2 Rfd8 21. Rad1
Nf5 22. Nf3 b5 23. c5 b4 24. Na4 Rd5 25. Rd3 Rbd8 26. Qd2 Qb8 27. Nb2 Nd7 28.
Qc2 g6 29. Rd2 e5 30. dxe5 Nxe5 31. Rxd5 Rxd5 32. Nxe5 Rxe5 33. Qc1 Qe8 34. Kf1
Nd4 35. Nd3 Re2 36. Nf4 Qe4 37. Nxe2 Nxe2 38. Qe3 Qxe3 39. fxe3 Nc3 40. Rc1 f5
41. Rxc3 bxc3 42. Ke2 Kf7 43. Kd3 Ke6 44. Kxc3 Kd5 45. b4 a6 46. a4 g5 47. Kd3
h6 48. h3 h5 49. h4 g4 50. Kc3 Ke4 51. b5 axb5 52. axb5 Kxe3 53. bxc6 f4 54. c7
fxg3 55. c8=Q g2 56. Qd7 Kf3 57. Qd4 1-0

[Event "Julius Baer Rapid Div 3 W"]
[Site "chess.com INT"]
[Date "2023.08.30"]
[Round "2.1"]
[White "Le, Tuan Minh"]
[Black "Flores, Diego"]
[Result "1-0"]
[WhiteTitle "GM"]
[BlackTitle "GM"]
[WhiteElo "2559"]
[BlackElo "2534"]
[WhiteFideId "12401153"]
[BlackFideId "108049"]
[EventDate "2023.08.30"]
[EventType "k.o."]

1. d4 Nf6 2. Nf3 g6 3. Bg5 Bg7 4. Nbd2 d5 5. c3 O-O 6. e3 Nbd7 7. Bd3 Re8 8. O-O
e5 9. e4 exd4 10. cxd4 dxe4 11. Nxe4 h6 12. Qb3 Kf8 13. Rae1 Re6 14. Bh4 Qe8 15.
Nc3 Nb6 16. d5 Rxe1 17. Rxe1 Qd8 18. Ne5 a5 19. d6 Be6 20. Nxg6+ fxg6 21. Rxe6 1-0